00351nam a2200145Ia 4500008004100000020001500041041001200056082001600068100001700084245005100101250000800152260002900160300000800189650000800197221030s9999 xx 000 0 und d a8122416071 aEnglish a105.23bGul aR. R. Gulati 0aMonochrome & Colour Televisoncby R. R. Gulati a2nd bNew Age PubaDelhic2006 a688 aECE